000 00674nam a2200217Ia 4500
003 GCL
008 140319s9999 xx 000 0 ara d
020 _a4014011977
040 _aGCL /
_cGCL
082 0 4 _a812.043
_bع م
100 1 _aعلى احمد باكثير
245 1 0 _aمسمار جحا :
_bمسرحية فكاهية فى ستة مناظر /
_cعلى احمد باكثير
260 _a[S.N] :
_bمكتبة مصر ،
_c1985
300 _a95 ص ؛
_c20 سم
490 _a
650 0 4 _aالادب العربى
650 0 4 _aالادب
650 0 4 _aالمسرحيات العربية
650 0 4 _aالمسرحيات الفكاهية
942 _2ddc
_cBK
999 _c40431
_d40431